000 00571nam a2200169Ia 4500
003 IN-BaIIA
008 211028s9999 xx s 000 0 eng d
020 _a9780819418272 (Print)
040 _cIIA Library
100 _aWigdor, Marc, ed.
_922460
245 0 _aSmart Focal Plane Arrays and Focal Plane Array Testing
_h[eBook]
260 _aWashington, USA
_bSPIE
_c1995
300 _aOnline resource
490 _aProceedings of SPIE; V. 2474
856 _uhttps://www.spiedigitallibrary.org/conference-proceedings-of-spie/2474
_yClick Here to Access eBook
942 _cEB
999 _c32412
_d32412